[Event "Baku Ahiita op"]
[Site "Baku"]
[Date "2015.11.19"]
[Round "6"]
[White "Hasanova, Ayan"]
[Black "Anjuta, Seymur"]
[Result "1-0"]
[WhiteElo "1245"]
[BlackElo "1288"]
[PlyCount "94"]
[EventDate "2015.11.14"]
[EventType "swiss"]
[EventRounds "7"]
[EventCountry "AZE"]
[SourceTitle "EXT 2024"]
[Source "ChessBase"]
[SourceDate "2023.10.10"]
[SourceVersion "1"]
[SourceVersionDate "2023.10.10"]
[SourceQuality "1"]

1. d4 d5 2. c4 c6 3. Nc3 Nf6 4. Nf3 Bf5 5. Bf4 e6 6. e3 Be7 7. cxd5 cxd5 8. Bb5+ Nbd7 9. 0-0 0-0 10. Rc1 Rc8 11. Qb3 Nb6 12. Na4 Nxa4 13. Bxa4 b6 14. Ne5 Ne4 15. Rfd1 Rxc1 16. Rxc1 f6 17. Nc6 Qd7 18. Nxe7+ Qxe7 19. Rc7 Qd8 20. Rxa7 Qc8 21. Rc7 Qa6 22. Qb5 Qxb5 23. Bxb5 Ra8 24. a4 Nd2 25. Rc6 Nc4 26. b3 Na5 27. Rxb6 Nxb3 28. Bc6 Rc8 29. Rb8 Rxb8 30. Bxb8 Na5 31. Bb5 Kf7 32. Bc7 Nc4 33. a5 Na3 34. Bc6 Bd3 35. Bd6 Nc4 36. Bc7 Na3 37. Bb7 Nb5 38. Bb6 Nd6 39. a6 Nc4 40. Bc5 Na5 41. a7 Nxb7 42. a8Q Nxc5 43. dxc5 Be4 44. Qa7+ Kg6 45. c6 e5 46. c7 Bf5 47. Qc5 d4 1-0

[Event "Baku Ahiita op"]
[Site "Baku"]
[Date "2015.11.18"]
[Round "5"]
[White "Mustafayev, Aykhan"]
[Black "Hasanova, Ayan"]
[Result "1/2-1/2"]
[WhiteElo "1418"]
[BlackElo "1245"]
[PlyCount "29"]
[EventDate "2015.11.14"]
[EventType "swiss"]
[EventRounds "7"]
[EventCountry "AZE"]
[SourceTitle "EXT 2024"]
[Source "ChessBase"]
[SourceDate "2023.10.10"]
[SourceVersion "1"]
[SourceVersionDate "2023.10.10"]
[SourceQuality "1"]

1. e4 c5 2. c3 d5 3. exd5 Qxd5 4. Nf3 Nc6 5. d4 Bg4 6. Be2 g6 7. Be3 cxd4 8. Bxd4 Nxd4 9. Qxd4 Qxd4 10. Nxd4 Bxe2 11. Nxe2 0-0-0 12. Nd2 Nf6 13. 0-0-0 Bh6 14. f3 Nd5 15. Nd4 1/2-1/2

[Event "Baku Ahiita op"]
[Site "Baku"]
[Date "2015.11.16"]
[Round "3"]
[White "Aliyev, Farid"]
[Black "Hasanova, Ayan"]
[Result "0-1"]
[WhiteElo "1459"]
[BlackElo "1245"]
[PlyCount "138"]
[EventDate "2015.11.14"]
[EventType "swiss"]
[EventRounds "7"]
[EventCountry "AZE"]
[SourceTitle "EXT 2024"]
[Source "ChessBase"]
[SourceDate "2023.10.10"]
[SourceVersion "1"]
[SourceVersionDate "2023.10.10"]
[SourceQuality "1"]

1. e4 c5 2. c3 e6 3. d4 cxd4 4. cxd4 d6 5. Nf3 Nf6 6. Bd3 Nc6 7. 0-0 Be7 8. Nc3 0-0 9. Bf4 Nxd4 10. Nxd4 e5 11. Bxe5 dxe5 12. Nf3 Bg4 13. Be2 Bxf3 14. Bxf3 Qb6 15. Nd5 Nxd5 16. Qxd5 Bf6 17. Qb3 Kh8 18. Rfd1 Rfd8 19. Rxd8+ Rxd8 20. Qxf7 Qxb2 21. Rd1 Rxd1+ 22. Bxd1 h6 23. Qe8+ Kh7 24. Qd7 Qxa2 25. Qf5+ Kh8 26. Qc8+ Kh7 27. Qf5+ Kh8 28. g3 Qb1 29. Qf3 a5 30. Kg2 b5 31. Bb3 a4 32. Bf7 b4 33. Qf5 Qc2 34. Qe6 Qxe4+ 35. Kh3 Qa8 36. Be8 a3 37. Bc6 Qg8 38. Bd5 Qxe6+ 39. Bxe6 Kh7 40. Kg4 g5 41. Kf5 Kg7 42. g4 e4 43. Kxe4 Kf8 44. Kf5 Ke7 45. Bb3 Bd4 46. f3 Kd6 47. Kg6 Ke5 48. Kxh6 Kf4 49. Bd5 Be3 50. Kg6 Ke5 51. Ba2 Kd4 52. Kf5 Kc3 53. Ke4 Bf4 54. h4 b3 55. Bxb3 Kxb3 56. hxg5 Bxg5 57. Kf5 Bd8 58. g5 Bxg5 59. Kxg5 a2 60. f4 a1Q 61. Kg6 Qg1+ 62. Kf5 Kc4 63. Kf6 Qg8 64. f5 Kd5 65. Ke7 Qg7+ 66. Ke8 Qf6 67. Kd7 Qxf5+ 68. Ke8 Kd6 69. Kd8 Qf8# 0-1

[Event "Baku Ahiita op"]
[Site "Baku"]
[Date "2015.11.14"]
[Round "1"]
[White "Feyzullayeva, Shabnam"]
[Black "Hasanova, Ayan"]
[Result "0-1"]
[WhiteElo "1431"]
[BlackElo "1245"]
[PlyCount "94"]
[EventDate "2015.11.14"]
[EventType "swiss"]
[EventRounds "7"]
[EventCountry "AZE"]
[SourceTitle "EXT 2024"]
[Source "ChessBase"]
[SourceDate "2023.10.10"]
[SourceVersion "1"]
[SourceVersionDate "2023.10.10"]
[SourceQuality "1"]

1. e4 c5 2. Nf3 e6 3. d4 cxd4 4. Nxd4 Nf6 5. Nc3 d6 6. g3 a6 7. a4 Bd7 8. Bg2 e5 9. Nb3 Be7 10. 0-0 0-0 11. Bg5 Nc6 12. Bxf6 Bxf6 13. Qxd6 Re8 14. Rad1 Nd4 15. Nxd4 exd4 16. Nd5 Bxa4 17. Nxf6+ gxf6 18. Qb4 Bxc2 19. Rxd4 Qe7 20. Qd2 Bb3 21. Rd7 Qe5 22. Rxb7 Rad8 23. Qc3 Qxc3 24. bxc3 Bc2 25. Rb6 Re6 26. Rxe6 fxe6 27. Rc1 Bb3 28. c4 Rc8 29. c5 a5 30. c6 a4 31. c7 a3 32. e5 a2 33. exf6 Rxc7 34. Ra1 Rc2 35. Be4 Rd2 36. Bf3 Rb2 37. Be4 Bc2 38. Bxc2 Rxc2 39. Kg2 Kf7 40. Kf3 Kxf6 41. Ke3 Ke5 42. f4+ Kd5 43. Rd1+ Kc4 44. h4 Kb3 45. Rd8 a1Q 46. Rb8+ Kc3 47. Rc8+ Kb2 0-1